Celebrities with the hottest legs - Statistics

General Stats
  • This quiz has been taken 79 times
    64 since last reset
  • The average score is 7 of 12
Answer Stats
Picture Answer % Correct
Taylor Swift
98%
Rihanna
95%
Margot Robbie
83%
Zendaya
83%
Dua Lipa
81%
Kendall Jenner
69%
Michelle Obama
64%
Gal Gadot
57%
Diana
55%
Adriana Lima
33%
Candice Swanepoel
10%
Irina Shayk
10%
No matching quizzes found
Score Distribution
Percent of People with Each Score
Percentile by Number Answered
Your Score History
You have not taken this quiz since the last reset